TH-PhD-Molecular characterisation of High Risk Human papillomavirus(HPV) : Genotyping, genome analysis and functional interaction between HPV 16 E2 and L1 (Record no. 330434)
[ view plain ]
| 000 -LEADER | |
|---|---|
| fixed length control field | nam a22 7a 4500 |
| 003 - CONTROL NUMBER IDENTIFIER | |
| control field | ASAB |
| 005 - DATE AND TIME OF LATEST TRANSACTION | |
| control field | 20170712130203.0 |
| 008 - FIXED-LENGTH DATA ELEMENTS--GENERAL INFORMATION | |
| fixed length control field | 170712b xxu||||| |||| 00| 0 eng d |
| 040 ## - CATALOGING SOURCE | |
| Transcribing agency | ASAB |
| 082 ## - DEWEY DECIMAL CLASSIFICATION NUMBER | |
| Classification number | Thesis 2015 AS |
| 100 ## - MAIN ENTRY--PERSONAL NAME | |
| Personal name | Abida Siddiqa |
| 9 (RLIN) | 3247 |
| 245 ## - TITLE STATEMENT | |
| Title | TH-PhD-Molecular characterisation of High Risk Human papillomavirus(HPV) : Genotyping, genome analysis and functional interaction between HPV 16 E2 and L1 |
| Statement of responsibility, etc. | Abida Siddiqa-sup-Dr. Muhammad Faraz Bhatti |
| 260 ## - PUBLICATION, DISTRIBUTION, ETC. | |
| Place of publication, distribution, etc. | Islamabad |
| Name of publisher, distributor, etc. | Atta ur Rahman School of Applied Biosciences NUST |
| Date of publication, distribution, etc. | 2015 |
| 300 ## - PHYSICAL DESCRIPTION | |
| Extent | 259 P |
| 630 ## - SUBJECT ADDED ENTRY--UNIFORM TITLE | |
| Uniform title | Human Papillomavirus (HPV) |
| 9 (RLIN) | 3248 |
| 630 ## - SUBJECT ADDED ENTRY--UNIFORM TITLE | |
| Uniform title | Genome Analysis and functional Interaction. |
| 9 (RLIN) | 3249 |
| 942 ## - ADDED ENTRY ELEMENTS (KOHA) | |
| Source of classification or shelving scheme | |
| Koha item type | |
| Withdrawn status | Lost status | Source of classification or shelving scheme | Damaged status | Not for loan | Collection code | Permanent Location | Current Location | Date acquired | Total Checkouts | Full call number | Barcode | Date last seen | Price effective from | Koha item type |
|---|---|---|---|---|---|---|---|---|---|---|---|---|---|---|
| Atta-ur-Rahman School of Applied Biosciences (ASAB) | Atta-ur-Rahman School of Applied Biosciences (ASAB) | 07/12/2017 | Thesis 2015 AS | ASABPHD14 | 07/12/2017 | 07/12/2017 | Thesis |
